000 00541nam a2200169 i 4500
001 146053
003 ES-MaACL
005 20230906201411.0
007 t|
008 071018s1979 sp ||||1| spa d
100 1 _aVeldman, Donald J.
_9113821
245 1 0 _aProgramación de computadores en ciencias de la conducta /
_cDonald J. Veldman ; [traducción de Julio Seoane Rey].
260 _aMadrid :
_bTecnos,
_c[1979]
300 _a407 p. :
_bil. ;
_c24 cm.
700 1 _aSeoane Rey, Julio.
_9105495
852 _aES-MaACL
_jA-9956
_bR.99103
999 _c146053
_d146053